La réponse commence par I - Statistiques

Statistiques générales
  • Ce quiz a été pris 1 010 fois
  • Le résultat moyen est 13 sur 20
Statistiques - réponses
Indices Réponses % Correct
Élément qui permet de résoudre des enquêtes Indice
97%
Qui ne sert à rien Inutile
96%
Entreprise suédoise de mobilier Ikea
95%
Matière dont sont faites les défenses d'éléphant Ivoire
88%
Quelqu'un qui trompe la personne avec qui il est marié Infidèle
87%
Qui n'as pas de couleur Incolore
84%
Personne considérée comme sans intelligence Idiot
78%
Quatrième pays le plus peuplé Indonésie
78%
On en possède 8 dans la bouche Incisive
76%
Quelque chose qui ne respecte pas la loi Illégal
68%
Premier super-héros introduit dans l'Univers Cinématographique Marvel Iron Man
65%
Film dans lequel les personnages rêve dans des rêves Inception
58%
Il veut être calife à la place du calife Iznogoud
53%
Capitale du Pakistan Islamabad
52%
Symbole chimique représenté par I Iode
49%
Perroquet de chez Disney accompagnant un grand vizir Iago
39%
Souris de dessin animé violent présent dans Les Simpson Itchy
33%
Droit imposé sur certaines choses Impôt
32%
Mouvement donné par un corps à un autre suite à un choc Impulsion
17%
Second dinosaure à avoir été découvert Iguanodon
15%
Aucun quiz correspondant
Distribution des résultats
% des personnes avec chaque résultat
Percentile par nombre de réponses
Votre historique - résultats
Vous n’avez pas pris ce quiz